000 00370nam a2200145Ia 4500
008 230711s9999||||xx |||||||||||||| ||und||
041 _aENG
082 _a4
_bMO-B
100 _aMorgan Lie
245 0 _aBBC microcomputer for signal
250 _a1st
260 _c1989
_aNew Delhi
_bPrentice-Hall of India Private Limited
650 _aComputer Engineering
942 _cBK
999 _c1342
_d1342